| 000 | 00714nam a22002297a 4500 | ||
|---|---|---|---|
| 001 | 2910 | ||
| 003 | BD-RjUL | ||
| 005 | 20211208233636.0 | ||
| 008 | 131217s1950 ii |||| |||| 001 0 eng d | ||
| 035 | _a(BD-RjUL)2938 | ||
| 040 |
_aBD-RjUL _beng _cBD-RjUL |
||
| 041 | _aeng | ||
| 082 | 0 | 4 |
_a331.825 _bBAV |
| 100 | 1 |
_aBaksi, Jnanendra Nath _99317 |
|
| 245 |
_aWorkmens Compensation Act and Other Social Nsurance Legislations / _cJnanendra Nath, Baksi and Jitendra Kumar Mitra |
||
| 260 |
_aCalcutta : _bSarkar and Sons Lit.. _c1950 |
||
| 300 |
_axiii,299p. : _bill. ; _c21cm. |
||
| 504 | _aIncludes Index | ||
| 650 | 0 | 7 |
_2SLSH _aVorkmens Compensation _99318 |
| 700 | 1 |
_aMitra, Jitendra Kumar _99319 |
|
| 942 |
_2ddc _cBK |
||
| 999 |
_c2910 _d2910 |
||